Chộn rộn đường xuân : Tập ký
Guardado en:
| Autor principal: | |
|---|---|
| Formato: | Libro |
| Lenguaje: | Undetermined |
| Publicado: |
Hà Nội
Sân khấu
2018
|
| Materias: | |
| Etiquetas: |
Agregar Etiqueta
Sin Etiquetas, Sea el primero en etiquetar este registro!
|
| Thư viện lưu trữ: | Trung tâm Học liệu Trường Đại học Cần Thơ |
|---|
| LEADER | 00548nam a2200193Ia 4500 | ||
|---|---|---|---|
| 001 | CTU_232866 | ||
| 008 | 210402s9999 xx 000 0 und d | ||
| 082 | |a 895.922803 | ||
| 082 | |b L256 | ||
| 100 | |a Mã, A Lềnh | ||
| 245 | 0 | |a Chộn rộn đường xuân : | |
| 245 | 0 | |b Tập ký | |
| 245 | 0 | |c Mã A Lềnh | |
| 260 | |a Hà Nội | ||
| 260 | |b Sân khấu | ||
| 260 | |c 2018 | ||
| 650 | |a Văn học Việt Nam,Vietnamese literature | ||
| 910 | |b nthai | ||
| 980 | |a Trung tâm Học liệu Trường Đại học Cần Thơ | ||